000 00643nam a2200241Ia 4500
003 OSt
005 20220918222730.0
006 a|||||r|||| 00| 0
007 ta
008 220917b |||||||| |||| 00| 0 eng d
024 _a218,009
037 _cTextual
040 _aARTS
_cARTS
_beng
041 _2eng
_aeng
082 _aX:3M24xM18, M5;1
100 _aMeikle Scott
_9125164
245 0 _aEssentialism in the thought of Karl Marx
260 _aLondon
_bDuckworth
_c1985
300 _axii, 195p
_ccm.
650 _aECONOMICS
942 _hX:3M24xM18, M5;1
_cTEXL
_2CC
999 _c276333
_d276333